01441nam a2200337 a 4500001001200000003000800012006001900020007001500039008004100054020001800095020002700113040002100140035002100161050002300182245013700205250001200342260005200354300002400406440006700430504004100497505013900538533015200677650002400829650002300853655002900876700001900905700001900924710001700943856012600960999001701086ebr10649050CaPaEBRm u cr cn|||||||||130129s2013 enka sb 000 0 eng d z9781781905036 z9781781905043 (e-book) aCaPaEBRcCaPaEBR a(OCoLC)82479498314aLC149b.A38 2013eb00aAdvanced literacy practicesh[electronic resource] :bfrom the clinic to the classroom /cedited by Evan Ortlieb, Earl H. Cheek, Jr. a1st ed. aBingley [England] :bEmerald Group Pub.,c2013. axiv, 406 p. :bill. 0aLiteracy research, practice and evaluation,x2048-0458 ;vv. 2 aIncludes bibliographical references.0 apt. 1. Foundational elements -- pt. 2. Reading and writing elements -- pt. 3. Technological elements -- pt. 4. Complementary elements. aElectronic reproduction.bPalo Alto, Calif. :cebrary,d2013.nAvailable via World Wide Web.nAccess may be limited to ebrary affiliated libraries. 0aLiteracyxResearch. 0aLiteracy programs. 7aElectronic books.2local1 aOrtlieb, Evan.1 aCheek, Earl H.2 aebrary, Inc.40uhttp://site.ebrary.com/lib/rucke/Doc?id=10649050zAn electronic book accessible through the World Wide Web; click to view c44921d44921